LDR 00664naa#a2200181#i#450# 001 EN\\bibl\121439 005 20260514225842.4 011 ## _a1994-4683 100 ## _a20230531b2023####ek#y0engy0150####ca 102 ## _aRU 200 1# _aFUNDAMENTALS OF THE ORGANIZATION OF PATRIOTIC PERFORMANCES AND HOLIDAYS AND THEIR ROLE IN THE EDUCATION OF THE YOUNGER GENERATION _eJournal article 210 1# _aMoscow _cNational State University of Physical Education, Sports and Health named after P.F. Lesgaft _d2023 215 ## _a3 с. 608 ## _aJournal article _2local 675 ## _aСистемы воспитания. 371.4 _z 700 #1 _a _g 700 #1 _a _g 856 4# _auchzapiski.lesgaft.spb.ru _u